Country Anagrams: Two to two! - Statistics

General Stats
  • This quiz has been taken 18 times
  • The average score is 8 of 64
Answer Stats
Tip Answer % Correct
opposite of strong weak
73%
fully developed and mature people adults
47%
astronaut: Buzz ______ Aldrin
47%
chess pieces that can transform into queens/ knights/ rooks/ bishops pawns
47%
____ Major, a constellation that consists the Big Dipper Ursa
40%
machines that can form cloth from threads looms
33%
related to birds avian
27%
people who break and enter a dwelling at night to commit a crime burglars
27%
simple; opposite of hard easy
27%
a feminine indefinite article in German eine
27%
country2 Russia
27%
country1 Sudan
27%
a lock company; an University Yale
27%
the man who was punished for killing his brother to wander for his whole life Cain
20%
country1 France
20%
enclosed structure for reducing ore furnace
20%
country2 Latvia
20%
a person that calls public attention to something especially by emphasizing desirable qualities so as to arouse a desire to buy or patronize advertiser
13%
emotion variously combining dread, veneration, and wonder c that is inspired by authority or by the sacred or sublime (plural) awes
13%
country1 Chile
13%
a means or system for transmitting messages electronically email
13%
country1 Poland
13%
country2 Uruguay
13%
ready or willing to consent; an ______ deal agreeable
7%
a shallow-draft boat driven by an airplane propeller and steered by an airplane rudder airboat
7%
having a noticable pleasant smell aromatic
7%
omen, portent, foreshadow of downfall augury
7%
catch ______: to be completely surprised of something awares
7%
fruits/vegetables commonly associated with spiciness chilies
7%
types of glutinous material obtained from animal tissues by boiling gelatins
7%
country1 Kenya
7%
country1 Kiribati
7%
using (a bad check) to get credit or money kiting
7%
belonging to a particular place by birth native
7%
country2 Niger
7%
made old oldened
7%
country2 Oman
7%
country1 Rwanda
7%
country1 Senegal
7%
relative position or combination of circumstances at a certain moment situation
7%
fairly large; ending with -able sizable
7%
to stop; bring to an end terminate
7%
country1 Albania
0%
country1 Belarus
0%
country2 Brazil
0%
country1 Croatia
0%
country2 Eritrea
0%
country2 Estonia
0%
country1 Eswatini
0%
country2 Greece
0%
lack of sufficient power, resources, or capacity inability
0%
invasion; incursion inbreak
0%
country2 Israel
0%
country2 Italy
0%
country1 Kuwait
0%
country2 Libya
0%
country1 Maldives
0%
a pestilence or plague especially affecting domestic animals murrain
0%
country2 Serbia
0%
country1 Suriname
0%
country2 Sweden
0%
country1 Timor-Leste
0%
country2 Tonga
0%
country2 Vietnam
0%
No matching quizzes found
Score Distribution
Percent of People with Each Score
Percentile by Number Answered
Your Score History
You have not taken this quiz